000 00491nam a22001577u 4500
008 130405s1961 xxu||||| |||| 00| 0 spa d
041 _aspa
100 1 _aGarcía Morente, Manuel
_d(1886-1942)
_991473
245 0 0 _aEjercicios Espirituales
_cManuel García Morente, Mauricio de Iriarte
260 _aMadrid:
_bEspasa Calpe,
_c1961
300 _a169 p.
_c;15 cm.
650 0 4 _aPastoral
_xEjercicios espirituales
_914505
700 1 _aIriarte, Mauricio de
_925025
942 _cBK
001 64021
999 _c254829
_d254829